00779nam a22002057a 4500999001900000005001700019010001500036020002600051035001500077037001400092082001700106100001800123245008800141260003600229270006000265300003600325500005200361942003100413952012900444 c158180d15818020181018163743.0 aENG-124333 c695.00a9788178245324 a EN-107865 bDBAD/PUB. a791.43095435 aSrinivas S.V. aPolitics as performance:cby S.V. Srinivasba social history of the telugu cinema / aRanikhetbPermanent Blackc2018 aHimalayana, Mall Road, Ranikhet CanttbRanikhete263645 axxi, 431p.c22cm(pbk)bill.maps aIt includes conclusion, bibliography and index. 2ddccENmSRIh791.43095435 001040718NFICaDBADbBNd2018-10-20eDBAD/PUBg695.00l0o791.43095435 SRIpEN-107865r2018-10-20 00:00:00t1v695.00yEN